000 02039nam2a22003371 4500
001 RU\NLR\INFOCOMM15\1000170317
005 20260408170317.0
035 _a(NLR Aleph) 002322273
090 _a4399787
_c4399787
100 _a20041014d1986 |||y0rusy50 ca
101 0 _arus
_deng
102 _aRU
105 _aa z||||||||
200 1 _aПроблемы селекции кормовых культур и исходный материал
_e[сборник статей]
_fответственные редакторы: доктор сельскохозяйственных наук, профессор А.И. Иванов, доктор сельскохозяйственных наук В.И. Буренин
210 _aЛенинград
_cВИР
_d1986
215 _a114 с.
_cил.
_d26
300 _aРезюме на англ. яз.
320 _aБиблиогр. в конце статей
461 0 _1001RU\NLR\INFOCOMM15\1000169973
_12001#$aСборник научных трудов по прикладной ботанике, генетике и селекции$fВАСХНИЛ, ВНИИ растениеводства им. Н.И.Вавилова$vТ. 103
_94398326
_cЛ.
_d1908 - 1993
_fВАСХНИЛ, ВНИИ растениеводства им. Н.И.Вавилова
_nВИР
_tСборник научных трудов по прикладной ботанике, генетике и селекции
_x0372-0586
_vТ. 103
606 _aКормовые растения
_jСборники
_xСелекция
_91373424
_3RU\NLR\AUTH\66575634
686 1 _aП22-3я43
686 1 _aП210.1я43
702 1 _4340
_7ca
_8rus
_aИванов
_bА. И.
_cд-р с.-х. наук, растениеводство
_f1934-1988
_gАлександр Иванович
_9261994
_3RU\NLR\AUTH\770262050
702 1 _aБуренин
_bВ. И.
_gВалентин Иванович
801 1 _aRU
_bInfoComm
_c20041014
801 0 _aRU
_bNLR
_gPSBO
852 _aNLR
_jП7/397
942 _cISSUE
980 _aNB
980 _aRUSPER